Estatuto da Pessoa com Deficin̊cia

Detalles Bibliográficos
Autor principal: Magalhês Martins, Guilherme
Otros Autores: Pitelli Zamarian Houaiss, Lv̕ia
Formato: eBook
Lenguaje:portugués
Publicado: Indaiatuba: Editora Foco, 2019
Materias:
Acceso en línea:Acceso restringido

MARC

LEADER 00000nam a22000007a 4500
005 20211005211518.0
007 cr|||| ||||
008 211005s2019 br |||||s|||| 00||0 por d
020 |a 978-85-8242-346-2 
035 |a 35185 
040 |a vLex 
090 |c 12491  |d 12491 
100 1 |a Magalhês Martins, Guilherme 
245 1 0 |a Estatuto da Pessoa com Deficin̊cia  |h [Recurso electrn̤ico] /  |c Guilherme Magalhês Martins, Lv̕ia Pitelli Zamarian Houaiss 
256 |a Servicio en ln̕ea 
260 |a Indaiatuba:  |b Editora Foco,  |c 2019 
300 |a 1 recurso electrn̤ico 
506 1 |a Disponible solo en los productos indicados  |d vLex Global  |d vLex Global (Academic Edition, excluding Law Schools)  |d vLex Global (U.S. Academic Edition, Law Schools)  |d vLex Global (U.S. Academic Edition, excluding Law Schools)  |d vLex Global (Academic Edition, Law Schools) 
650 0 4 |a Derecho Penal  |z Brasil 
700 1 |a Pitelli Zamarian Houaiss, Lv̕ia 
740 0 |a vLex Libros (Servicio en ln̕ea) 
856 4 0 |u https://app.vlex.com/#/sources/35185  |z Acceso restringido 
942 |c BOOK 
999 0 |a Derecho penal